Odd One Out: Pop Culture Trios Quiz Stats

Quiz Updated Oct 18, 2017

Challenge
Share
Tweet
Embed
Score 0/20 Timer 05:00
0 Plays Today
Question Answer Wrong Answers
Dorothy's Friends Elphaba
97.3%
Scarecrow
0.5%
Lion
0.5%
Tinman
0.4%
Donald Duck's Nephews Stewie
94.1%
Huey
2.2%
Dewey
1.8%
Louie
1.7%
Simpson Family Children Marge
93.1%
Bart
0.7%
Maggie
2%
Lisa
0.8%
Main 'Friends' Females Jessica
93.1%
Monica
1.4%
Rachel
0.7%
Phoebe
1.3%
Kardashian Sisters Kassandra
91.9%
Kim
0.7%
Kourtney
1.6%
Khloé
1.4%
Ghosts from A Christmas Carol Ghost of Christmas Eve
91.2%
Ghost of Christmas Past
0.6%
Ghost of Christmas Present
1.9%
Ghost of Christmas Future
1.9%
Original Charlie's Angels Cameron Diaz
91%
Kate Jackson
2.7%
Farrah Fawcett-Majors
3.2%
Jaclyn Smith
2.2%
Three Amigos Eddie Murphy
86.8%
Steve Martin
1.6%
Chevy Chase
3.9%
Martin Short
4.6%
Original 'American Idol' Judges Piers Morgan
85.2%
Simon Cowell
1.5%
Paula Abdul
3.5%
Randy Jackson
5.9%
Tom Cruise's Ex-Wives Olivia Munn
77.5%
Nicole Kidman
1.7%
Mimi Rogers
15.3%
Katie Holmes
1.1%
Jonas Brothers Liam
77.1%
Nick
1.6%
Joe
5.3%
Kevin
15.3%
Krusty Krab Workers Gary
75.7%
SpongeBob
7.8%
Squidward
8.1%
Mr. Krabs
5.1%
The Supremes Tina Turner
74.7%
Diana Ross
2.6%
Florence Ballard
10.1%
Mary Wilson
8.1%
Bee Gees Charlie
74.5%
Barry
2.9%
Robin
7.5%
Maurice
12.4%
Man with No Name Trilogy Death Rides a Horse
68.3%
A Fistful of Dollars
6.4%
For a Few Dollars More
11.8%
The Good, the Bad and the Ugly
9.2%
Nirvana Studio Albums Superunknown
59.1%
In Utero
9.6%
Nevermind
5.2%
Bleach
22%
CSI Cities Los Angeles
57.1%
Miami
2.5%
Las Vegas
21%
New York
14.9%
Original 'Mean Girls' Plastics Taylor Wedell
44.4%
Gretchen Wieners
13%
Karen Smith
30.7%
Regina George
8.4%
'The Aristocats' Siblings Berenice
32.4%
Marie
20.6%
Toulouse
12.8%
Berlioz
30.3%
Original Kingston Trio George Grove
22.6%
Dave Guard
21.9%
Bob Shane
21.9%
Nick Reynolds
29.1%

You're not logged in!

Compare scores with friends on all Sporcle quizzes.
Sign Up with Email
OR
Log In

You Might Also Like...

Show Comments

Extras

Top Quizzes Today


Score Distribution

Your Account Isn't Verified!

In order to create a playlist on Sporcle, you need to verify the email address you used during registration. Go to your Sporcle Settings to finish the process.